Basics of web design : (Record no. 16814)
[ view plain ]
| 000 -LEADER | |
|---|---|
| fixed length control field | 00976cam a22002895a 4500 |
| 001 - CONTROL NUMBER | |
| control field | 16547481 |
| 005 - DATE AND TIME OF LATEST TRANSACTION | |
| control field | 20150816145624.0 |
| 008 - FIXED-LENGTH DATA ELEMENTS--GENERAL INFORMATION | |
| fixed length control field | 101119t2012 maua fr 001 0 eng d |
| 020 ## - INTERNATIONAL STANDARD BOOK NUMBER | |
| International Standard Book Number | 0137003382 |
| 020 ## - INTERNATIONAL STANDARD BOOK NUMBER | |
| International Standard Book Number | 9780137003389 |
| 040 ## - CATALOGING SOURCE | |
| Original cataloging agency | DLC |
| Description conventions | eng |
| Transcribing agency | DLC |
| Modifying agency | DLC |
| Language of cataloging | EG-ScBUE |
| 082 04 - DEWEY DECIMAL CLASSIFICATION NUMBER | |
| Classification number | 006.74 |
| Item number | FEL |
| Edition number | 22 |
| 100 1# - MAIN ENTRY--PERSONAL NAME | |
| Personal name | Felke-Morris, Terry |
| 9 (RLIN) | 3731 |
| 245 10 - TITLE STATEMENT | |
| Title | Basics of web design : |
| Remainder of title | HTML5 & CSS3 / |
| Statement of responsibility, etc | Terry Felke-Morris. |
| 260 ## - PUBLICATION, DISTRIBUTION, ETC. (IMPRINT) | |
| Place of publication, distribution, etc | Boston, United States : |
| Name of publisher, distributor, etc | Pearson Education, |
| Date of publication, distribution, etc | c.2012. |
| 300 ## - PHYSICAL DESCRIPTION | |
| Extent | xi, 352 p. : |
| Other physical details | ill. (col.) ; |
| Dimensions | 29 cm. |
| 500 ## - GENERAL NOTE | |
| General note | Index : p. 345-352. |
| 590 ## - LOCAL NOTE (RLIN) | |
| Local note | Cataloged by : Mostafa El-Helaly |
| 650 #0 - SUBJECT ADDED ENTRY--TOPICAL TERM | |
| Topical term or geographic name as entry element | HTML (Document markup language) |
| 9 (RLIN) | 29620 |
| Source of heading or term | BUEsh |
| 650 #0 - SUBJECT ADDED ENTRY--TOPICAL TERM | |
| Topical term or geographic name as entry element | Cascading style sheets |
| 9 (RLIN) | 29999 |
| Source of heading or term | BUEsh |
| 650 #0 - SUBJECT ADDED ENTRY--TOPICAL TERM | |
| Topical term or geographic name as entry element | Web site development |
| General subdivision | Computer programs |
| 9 (RLIN) | 3733 |
| Source of heading or term | BUEsh |
| 650 #0 - SUBJECT ADDED ENTRY--TOPICAL TERM | |
| Topical term or geographic name as entry element | Web sites |
| General subdivision | Design |
| 9 (RLIN) | 7205 |
| Source of heading or term | BUEsh |
| 651 ## - SUBJECT ADDED ENTRY--GEOGRAPHIC NAME | |
| Source of heading or term | BUEsh |
| 653 ## - INDEX TERM--UNCONTROLLED | |
| Arrived date list | July2012 |
| -- | August2015 |
| 655 ## - INDEX TERM--GENRE/FORM | |
| Form subdivision | |
| -- | 33728 |
| 942 ## - ADDED ENTRY ELEMENTS (KOHA) | |
| Source of classification or shelving scheme | Dewey Decimal Classification |
| Item type | Book - Borrowing |
| Call number prefix | 006.74 FEL |
| Withdrawn status | Item status | Source of classification or shelving scheme | Materials specified (bound volume or other part) | Damaged status | Not for loan | Vendor | Home library | Current library | Shelving location | Date acquired | Source of acquisition | Cost, normal purchase price | Total Checkouts | Total Renewals | Full call number | Barcode | Date last seen | Date last borrowed | Koha item type | Public note | Checked out |
|---|---|---|---|---|---|---|---|---|---|---|---|---|---|---|---|---|---|---|---|---|---|
| Lost | Dewey Decimal Classification | Lost_In_Inventory_12-2-2024 | Baccah | Central Library | Central Library | Lower Floor | 02/07/2012 | 160.00 | 15 | 63 | 006.74 FEL | 000026906 | 13/11/2023 | 12/02/2023 | Book - Borrowing | ||||||
| Dewey Decimal Classification | Baccah | Central Library | Central Library | Lower Floor | 07/02/2013 | 006.74 FEL | 000028048 | 15/07/2025 | NB - Book (Non borrowing) | ||||||||||||
| Dewey Decimal Classification | Baccah | Central Library | Central Library | Lower Floor | 07/02/2013 | 14 | 53 | 006.74 FEL | 000028049 | 15/07/2025 | 21/03/2024 | Book - Borrowing | |||||||||
| Dewey Decimal Classification | Baccah | Central Library | Central Library | Lower Floor | 07/02/2013 | 9 | 45 | 006.74 FEL | 000028050 | 15/07/2025 | 21/03/2024 | Book - Borrowing | |||||||||
| Dewey Decimal Classification | Baccah | Central Library | Central Library | Lower Floor | 23/01/2014 | 8 | 65 | 006.74 FEL | 000035439 | 15/07/2025 | 20/02/2017 | Book - Borrowing | |||||||||
| Dewey Decimal Classification | Baccah | Central Library | Central Library | Lower Floor | 23/01/2014 | 17 | 38 | 006.74 FEL | 000035440 | 15/07/2025 | 18/04/2024 | Book - Borrowing | |||||||||
| Dewey Decimal Classification | Baccah | Central Library | Central Library | Lower Floor | 23/01/2014 | 10 | 8 | 006.74 FEL | 000035441 | 15/07/2025 | 21/03/2024 | Book - Borrowing | |||||||||
| Dewey Decimal Classification | Baccah | Central Library | Central Library | Lower Floor | 23/01/2014 | 10 | 76 | 006.74 FEL | 000035442 | 15/07/2025 | 18/04/2024 | Book - Borrowing | |||||||||
| Dewey Decimal Classification | Baccah | Central Library | Central Library | Lower Floor | 23/01/2014 | 7 | 12 | 006.74 FEL | 000035443 | 15/07/2025 | 21/03/2024 | Book - Borrowing | |||||||||
| Dewey Decimal Classification | Baccah | Central Library | Central Library | Lower Floor | 23/01/2014 | 8 | 78 | 006.74 FEL | 000035444 | 15/07/2025 | 20/02/2018 | Book - Borrowing | |||||||||
| Lost | Dewey Decimal Classification | Lost In Inventory_2015-8-23 | Baccah | Central Library | Central Library | Lower Floor | 23/01/2014 | 2 | 006.74 FEL | 000035445 | 11/03/2014 | 08/03/2014 | Book - Borrowing | Lost item. | |||||||
| Dewey Decimal Classification | Baccah | Central Library | Central Library | Lower Floor | 23/01/2014 | 11 | 44 | 006.74 FEL | 000035446 | 15/07/2025 | 16/04/2024 | Book - Borrowing | |||||||||
| Dewey Decimal Classification | Baccah | Central Library | Central Library | Lower Floor | 23/01/2014 | 20 | 50 | 006.74 FEL | 000035447 | 15/07/2025 | 21/03/2024 | Book - Borrowing | |||||||||
| Lost | Dewey Decimal Classification | Baccah | Central Library | Central Library | Lower Floor | 23/01/2014 | 6 | 31 | 006.74 FEL | 000035448 | 17/03/2016 | 17/03/2016 | Book - Borrowing | 02/10/2016 |